| 000 | 00489cam a2200145 4500500 | ||
|---|---|---|---|
| 005 | 20251228090855.0 | ||
| 041 | _afre | ||
| 042 | _adc | ||
| 100 | 1 | 0 |
_aHaye, François _eauthor |
| 245 | 0 | 0 | _aL’invention de l’année 2020 |
| 260 | _c2019. | ||
| 500 | _a39 | ||
| 786 | 0 | _nBulletin de l’Amitié Charles Péguy | 165 | 1 | 2019-04-24 | p. 68-68 | 0180-8567 | |
| 856 | 4 | 1 | _uhttps://shs.cairn.info/revue-bulletin-de-lamitie-charles-peguy-2019-1-page-68?lang=fr&redirect-ssocas=7080 |
| 999 |
_c1602821 _d1602821 |
||